000
00319nam a22001217a 4500
008
160520b xxu||||| |||| 00| 0 eng d
020
_a
9780801660580
020
_a
0801660580
041
_a
eng
080
_a
618.2
245
_a
Pediatric nursingcare:
_c
Gladys M. Scipen; Marilyn A. Chard; Jeanne Howe;
942
_2
udc
_c
BK
999
_c
2290
_d
2290